[Event "GER-chT U20"]
[Site "Muenster"]
[Date "2022.12.29"]
[Round "6"]
[White "Seref, Erdogan"]
[Black "Poggemann, Alexander"]
[Result "1-0"]
[WhiteElo "1987"]
[BlackElo "1717"]
[PlyCount "49"]
[EventDate "2022.12.26"]
[EventType "team-swiss"]
[EventRounds "7"]
[EventCountry "GER"]
[SourceTitle "CBM 212 Extra"]
[Source "ChessBase"]
[SourceDate "2023.03.31"]
[SourceVersion "1"]
[SourceVersionDate "2023.03.31"]
[SourceQuality "1"]
[WhiteTeam "Brackel"]
[BlackTeam "Hemer"]
[WhiteTeamCountry "GER"]
[BlackTeamCountry "GER"]

1. e4 c5 2. Nf3 Nc6 3. d4 cxd4 4. Nxd4 g6 5. c4 Bg7 6. Be3 Nf6 7. Nc3 0-0 8. Be2 d6 9. 0-0 Bd7 10. Qd2 Nxd4 11. Bxd4 Bc6 12. f3 a5 13. b3 Nd7 14. Be3 Nc5 15. Rac1 Qb6 16. Kh1 a4 17. b4 Qxb4 18. Nd5 Qxd2 19. Nxe7+ Kh8 20. Bxd2 Rfe8 21. Nd5 Bxd5 22. cxd5 Bb2 23. Rc2 a3 24. Bb5 Rec8 25. Bb4 1-0

[Event "GER-chT U20"]
[Site "Muenster"]
[Date "2022.12.28"]
[Round "3"]
[White "Enxing, Philemon"]
[Black "Poggemann, Alexander"]
[Result "1-0"]
[WhiteElo "1828"]
[BlackElo "1717"]
[PlyCount "73"]
[EventDate "2022.12.26"]
[EventType "team-swiss"]
[EventRounds "7"]
[EventCountry "GER"]
[SourceTitle "CBM 212 Extra"]
[Source "ChessBase"]
[SourceDate "2023.03.31"]
[SourceVersion "1"]
[SourceVersionDate "2023.03.31"]
[SourceQuality "1"]
[WhiteTeam "Leipzig SG"]
[BlackTeam "Hemer"]
[WhiteTeamCountry "GER"]
[BlackTeamCountry "GER"]

1. e4 c5 2. c3 Nf6 3. e5 Nd5 4. d4 cxd4 5. cxd4 d6 6. Nf3 Nc6 7. Bc4 dxe5 8. Nxe5 Bf5 9. Nxc6 bxc6 10. 0-0 g6 11. Nc3 Bg7 12. Qf3 Nxc3 13. bxc3 0-0 14. Ba3 Re8 15. g4 Be6 16. Bxe6 fxe6 17. Qxc6 Qd5 18. Qxd5 exd5 19. f4 Rec8 20. Rac1 Rxc3 21. Rxc3 Bxd4+ 22. Kg2 Bxc3 23. Bxe7 d4 24. Bf6 Rb8 25. Kf3 Rb2 26. Rf2 Rb1 27. Ke4 Re1+ 28. Kd5 Re3 29. Be5 Be1 30. Rb2 d3 31. Ke6 Rxe5+ 32. fxe5 Bc3 33. Rb8+ Kg7 34. Rd8 d2 35. Rd3 h5 36. h3 a5 37. a4 1-0

[Event "GER-ch Youth-A"]
[Site "Willingen"]
[Date "2022.06.08"]
[Round "6"]
[White "Hess, Wadim"]
[Black "Poggemann, Alexander"]
[Result "1/2-1/2"]
[WhiteElo "1374"]
[BlackElo "1829"]
[PlyCount "40"]
[EventDate "2022.06.04"]
[EventType "swiss"]
[EventRounds "9"]
[EventCountry "GER"]
[SourceTitle "CBM 208 Extra"]
[Source "ChessBase"]
[SourceDate "2022.07.31"]
[SourceVersion "1"]
[SourceVersionDate "2022.07.31"]
[SourceQuality "1"]

1. e4 c5 2. c3 d5 3. exd5 Qxd5 4. Nf3 Nc6 5. Be2 g6 6. 0-0 Bg7 7. Na3 Nf6 8. d4 cxd4 9. Nb5 Qd8 10. Nbxd4 Nxd4 11. Nxd4 0-0 12. Bf3 e5 13. Nb5 Qb6 14. a4 Rd8 15. Qe2 e4 16. Bxe4 Re8 17. Be3 Rxe4 18. Bxb6 Rxe2 19. Nc7 axb6 20. Nxa8 Rxb2 1/2-1/2

[Event "GER-chT Christmas U20"]
[Site "Playchess.com INT"]
[Date "2020.12.29"]
[Round "4.1"]
[White "Feilhauer, Janick"]
[Black "Poggemann, Alexander"]
[Result "0-1"]
[WhiteElo "1488"]
[BlackElo "1813"]
[PlyCount "64"]
[EventDate "2020.12.29"]
[EventType "team-swiss (blitz)"]
[EventRounds "7"]
[EventCountry "GER"]
[SourceTitle "CBM 200 Extra"]
[Source "ChessBase"]
[SourceDate "2021.03.31"]
[SourceVersion "1"]
[SourceVersionDate "2021.03.31"]
[SourceQuality "1"]
[WhiteTeam "Leipzig VfB"]
[BlackTeam "Hemer II"]
[WhiteTeamCountry "GER"]
[BlackTeamCountry "GER"]

1. d4 Nf6 2. c4 g6 3. Nc3 d5 4. cxd5 Nxd5 5. e4 Nxc3 6. bxc3 Bg7 7. Nf3 c5 8. Be3 0-0 9. Be2 Nc6 10. 0-0 Qa5 11. Qc2 Rd8 12. d5 Ne5 13. Nxe5 Bxe5 14. Rac1 e6 15. f4 Bg7 16. c4 Rd6 17. e5 Ra6 18. d6 Qxa2 19. Rfd1 Bd7 20. Bf3 Qxc2 21. Rxc2 Rb8 22. Bxc5 f6 23. Bd4 fxe5 24. fxe5 Ba4 25. Be3 Bxc2 26. Rd2 Ba4 27. d7 Rd8 28. Bxb7 Ra5 29. Bc8 Rxe5 30. Bf4 Re4 31. Bc7 Rf8 32. d8Q Re1# 0-1

[Event "GER-chT Christmas U20"]
[Site "Playchess.com INT"]
[Date "2020.12.29"]
[Round "2.1"]
[White "Petrow, Jonas"]
[Black "Poggemann, Alexander"]
[Result "1-0"]
[WhiteElo "1811"]
[BlackElo "1813"]
[PlyCount "49"]
[EventDate "2020.12.29"]
[EventType "team-swiss (blitz)"]
[EventRounds "7"]
[EventCountry "GER"]
[SourceTitle "CBM 200 Extra"]
[Source "ChessBase"]
[SourceDate "2021.03.31"]
[SourceVersion "1"]
[SourceVersionDate "2021.03.31"]
[SourceQuality "1"]
[WhiteTeam "Rostock Makkabi"]
[BlackTeam "Hemer II"]
[WhiteTeamCountry "GER"]
[BlackTeamCountry "GER"]

1. d4 Nf6 2. Bg5 Ne4 3. h4 g6 4. e3 Bg7 5. Bd3 Nxg5 6. hxg5 c5 7. c3 d5 8. Nd2 Nc6 9. Rc1 Bd7 10. dxc5 Qa5 11. a3 Qxc5 12. b4 Qb6 13. c4 Ne5 14. Be2 dxc4 15. Nxc4 Qe6 16. Nf3 Nxf3+ 17. Bxf3 Rd8 18. Bxb7 Bb5 19. Qc2 0-0 20. a4 Bxc4 21. Qxc4 Qd7 22. Bf3 Qxa4 23. Qh4 h5 24. Kf1 Qxb4 25. Qxb4 1-0

[Event "GER-chT Christmas U16 Steinitz"]
[Site "Playchess.com INT"]
[Date "2020.12.28"]
[Round "4.3"]
[White "Nguyen, Tung Phong"]
[Black "Poggemann, Alexander"]
[Result "0-1"]
[WhiteElo "1375"]
[BlackElo "1813"]
[PlyCount "74"]
[EventDate "2020.12.28"]
[EventType "team-swiss (blitz)"]
[EventRounds "7"]
[EventCountry "GER"]
[SourceTitle "CBM 200 Extra"]
[Source "ChessBase"]
[SourceDate "2021.03.31"]
[SourceVersion "1"]
[SourceVersionDate "2021.03.31"]
[SourceQuality "1"]
[WhiteTeam "Oberschoeneweide"]
[BlackTeam "Hemer"]
[WhiteTeamCountry "GER"]
[BlackTeamCountry "GER"]

1. e4 e6 2. d4 d5 3. exd5 exd5 4. c4 c6 5. Nc3 Nf6 6. Nf3 Bb4 7. Bd3 0-0 8. 0-0 h6 9. a3 Bxc3 10. bxc3 Be6 11. c5 Nbd7 12. Bf4 b6 13. cxb6 axb6 14. Re1 c5 15. Ne5 Nxe5 16. Bxe5 Nd7 17. Bg3 Qf6 18. Re3 Kh8 19. Rf3 Qe7 20. Qd2 cxd4 21. cxd4 Rxa3 22. Rc1 Rfa8 23. Re3 Qf6 24. Bc2 b5 25. Rf3 Rxf3 26. gxf3 Qxf3 27. Bd1 Qe4 28. Rc3 Nf6 29. Re3 Qb1 30. Rb3 Qe4 31. Re3 Qg6 32. Rb3 Ne4 33. Qe3 Nxg3 34. hxg3 Rb8 35. Be2 Bd7 36. Qe7 Qe6 37. Qc5 Qxe2 0-1

[Event "DSOL 01 Liga Gr-D 1st"]
[Site "Playchess.com INT"]
[Date "2020.07.31"]
[Round "6.4"]
[White "Poess, Frank"]
[Black "Poggemann, Alexander"]
[Result "0-1"]
[WhiteElo "1962"]
[BlackElo "1810"]
[PlyCount "74"]
[EventDate "2020.06.22"]
[EventType "team-tourn (rapid)"]
[EventCountry "GER"]
[SourceTitle "EXT 2021"]
[Source "ChessBase"]
[SourceDate "2020.10.23"]
[SourceVersion "1"]
[SourceVersionDate "2020.10.23"]
[SourceQuality "1"]
[WhiteTeam "Dinslaken"]
[BlackTeam "Hemer"]
[WhiteTeamCountry "GER"]
[BlackTeamCountry "GER"]

1. e4 c5 2. c3 d5 3. exd5 Qxd5 4. d4 Nc6 5. Nf3 Nf6 6. Be3 Bg4 7. Be2 e6 8. h3 Bh5 9. dxc5 Qxd1+ 10. Bxd1 Nd5 11. Bd4 0-0-0 12. Nbd2 f6 13. Ne4 e5 14. Be3 Nxe3 15. fxe3 Bg6 16. Nfd2 f5 17. Nd6+ Bxd6 18. cxd6 Rxd6 19. Ba4 Rhd8 20. Nf3 Rd3 21. Bxc6 bxc6 22. e4 fxe4 23. Nxe5 Rd2 24. Nxc6 R8d7 25. Ne5 Rd8 26. Nc6 R8d6 27. Ne5 Rxg2 28. Nc4 Rd3 29. Rd1 e3 30. Ne5 Rxd1+ 31. Kxd1 Rxb2 32. Re1 Bh5+ 33. Ng4 Rh2 34. Rxe3 Rxh3 35. Kd2 Bxg4 36. Re7 Rh2+ 37. Ke3 Re2+ 0-1

[Event "DSOL 01 Liga Gr-D 1st"]
[Site "Playchess.com INT"]
[Date "2020.07.24"]
[Round "5.3"]
[White "Poggemann, Alexander"]
[Black "Schloessner, Henrik"]
[Result "0-1"]
[WhiteElo "1810"]
[BlackElo "1979"]
[PlyCount "50"]
[EventDate "2020.06.22"]
[EventType "team-tourn (rapid)"]
[EventCountry "GER"]
[SourceTitle "EXT 2021"]
[Source "ChessBase"]
[SourceDate "2020.10.23"]
[SourceVersion "1"]
[SourceVersionDate "2020.10.23"]
[SourceQuality "1"]
[WhiteTeam "Hemer"]
[BlackTeam "Gruendau"]
[WhiteTeamCountry "GER"]
[BlackTeamCountry "GER"]

1. e4 c6 2. d4 d5 3. Nc3 dxe4 4. Nxe4 Nd7 5. Bc4 Ngf6 6. Nxf6+ Nxf6 7. Nf3 Bf5 8. 0-0 e6 9. Bg5 Be7 10. c3 h6 11. Bf4 b5 12. Bd3 Bxd3 13. Qxd3 0-0 14. Rfe1 Qb6 15. Ne5 Rad8 16. b4 Bd6 17. Qh3 Kh7 18. Bg5 Be7 19. Ng4 Ng8 20. Bf4 Rd5 21. Re5 Bd6 22. Rxd5 cxd5 23. Bxd6 Qxd6 24. Qd3+ f5 25. Ne5 a6 0-1

[Event "GER-ch Net Amateur Gr-B Vor3"]
[Site "Playchess.com INT"]
[Date "2020.04.16"]
[Round "4"]
[White "Poggemann, Alexander"]
[Black "Hausmann, Ulrich"]
[Result "0-1"]
[WhiteElo "1646"]
[BlackElo "1550"]
[PlyCount "41"]
[EventDate "2020.04.16"]
[EventType "swiss (blitz)"]
[EventRounds "9"]
[EventCountry "GER"]
[SourceTitle "CBM 195 Extra"]
[Source "ChessBase"]
[SourceDate "2020.05.31"]
[SourceVersion "1"]
[SourceVersionDate "2020.05.31"]
[SourceQuality "1"]

1. e4 d6 2. d4 e6 3. Nf3 Bd7 4. c4 Nc6 5. Nc3 e5 6. d5 Nce7 7. Bd3 Ng6 8. Bc2 Nf6 9. Bg5 a6 10. Qd2 Qc8 11. 0-0-0 Be7 12. Kb1 h6 13. Be3 Nh5 14. g3 Nf6 15. Qc1 Bg4 16. Nxe5 Nxe5 17. f4 Nxc4 18. Rdf1 Nxe3 19. Qxe3 Bh3 20. Rf2 Ng4 21. Qd4 0-1

[Event "GER-ch Net Amateur Gr-B Vor3"]
[Site "Playchess.com INT"]
[Date "2020.04.16"]
[Round "1"]
[White "Poggemann, Alexander"]
[Black "Schoen, Florian"]
[Result "0-1"]
[WhiteElo "1709"]
[BlackElo "1538"]
[PlyCount "34"]
[EventDate "2020.04.16"]
[EventType "swiss (blitz)"]
[EventRounds "9"]
[EventCountry "GER"]
[SourceTitle "CBM 195 Extra"]
[Source "ChessBase"]
[SourceDate "2020.05.31"]
[SourceVersion "1"]
[SourceVersionDate "2020.05.31"]
[SourceQuality "1"]

1. e4 e5 2. Nf3 Nc6 3. Bc4 Nf6 4. d3 d5 5. exd5 Nxd5 6. 0-0 Bc5 7. Re1 Bg4 8. h3 Bh5 9. g4 Bg6 10. Nxe5 0-0 11. Nxg6 fxg6 12. Rf1 Kh8 13. c3 Nf4 14. Bxf4 Rxf4 15. d4 Bd6 16. f3 Qh4 17. Kg2 Rxg4+ 0-1

[Event "GER-ch Net Amateur Gr-B Vor2"]
[Site "Playchess.com INT"]
[Date "2020.04.15"]
[Round "6"]
[White "Lippmann, Kai"]
[Black "Poggemann, Alexander"]
[Result "1-0"]
[WhiteElo "1730"]
[BlackElo "1751"]
[PlyCount "77"]
[EventDate "2020.04.15"]
[EventType "swiss (blitz)"]
[EventRounds "9"]
[EventCountry "GER"]
[SourceTitle "CBM 196 Extra"]
[Source "ChessBase"]
[SourceDate "2020.07.31"]
[SourceVersion "1"]
[SourceVersionDate "2020.07.31"]
[SourceQuality "1"]

1. c4 Nf6 2. Nc3 g6 3. g3 Bg7 4. Bg2 0-0 5. e3 c6 6. Nge2 d5 7. d4 Be6 8. cxd5 Nxd5 9. 0-0 Nd7 10. b3 N7f6 11. Bb2 Qd7 12. Rc1 Rac8 13. Qd2 Bh3 14. f3 Bxg2 15. Kxg2 Nxc3 16. Nxc3 Nd5 17. Ne4 b6 18. Rc2 f5 19. Nf2 Rfe8 20. Rfc1 e5 21. dxe5 Bxe5 22. Bxe5 Rxe5 23. e4 fxe4 24. fxe4 Nf6 25. Qxd7 Nxd7 26. Rxc6 Rxc6 27. Rxc6 Nc5 28. Rc8+ Kf7 29. Rc7+ Re7 30. Rxe7+ Kxe7 31. Kf3 Ke6 32. Ke3 h5 33. h4 Ke5 34. Nd3+ Kd6 35. e5+ Kd5 36. Nxc5 bxc5 37. Kf4 a5 38. a4 Kd4 39. e6 1-0

[Event "GER-ch Net Amateur Gr-B Vor2"]
[Site "Playchess.com INT"]
[Date "2020.04.15"]
[Round "4"]
[White "Sauer, Tim"]
[Black "Poggemann, Alexander"]
[Result "0-1"]
[WhiteElo "1768"]
[BlackElo "1741"]
[PlyCount "60"]
[EventDate "2020.04.15"]
[EventType "swiss (blitz)"]
[EventRounds "9"]
[EventCountry "GER"]
[SourceTitle "CBM 196 Extra"]
[Source "ChessBase"]
[SourceDate "2020.07.31"]
[SourceVersion "1"]
[SourceVersionDate "2020.07.31"]
[SourceQuality "1"]

1. c4 Nf6 2. Nc3 g6 3. g3 Bg7 4. Bg2 0-0 5. Nf3 c6 6. 0-0 d5 7. cxd5 cxd5 8. d4 Nc6 9. Bf4 Nh5 10. Bg5 h6 11. Be3 f5 12. Rb1 f4 13. Bc1 fxg3 14. hxg3 Bg4 15. b4 e6 16. b5 Bxf3 17. bxc6 Bxg2 18. cxb7 Bxf1 19. bxa8Q Qxa8 20. Kxf1 Nxg3+ 21. Kg2 Ne4 22. Nxe4 dxe4 23. e3 Qd5 24. Qg4 Qxa2 25. Rb7 Qxf2+ 26. Kh1 Qf1+ 27. Kh2 Rf2+ 28. Kg3 Qg2+ 29. Kh4 Bf6+ 30. Qg5 Bxg5# 0-1

[Event "GER-ch Net Amateur Gr-B Vor1"]
[Site "Playchess.com INT"]
[Date "2020.04.14"]
[Round "2"]
[White "Poggemann, Alexander"]
[Black "Braeutigam, Katerina"]
[Result "1-0"]
[WhiteElo "1620"]
[BlackElo "1437"]
[PlyCount "109"]
[EventDate "2020.04.14"]
[EventType "swiss (blitz)"]
[EventRounds "9"]
[EventCountry "GER"]
[SourceTitle "EXT 2021"]
[Source "ChessBase"]
[SourceDate "2020.10.23"]
[SourceVersion "1"]
[SourceVersionDate "2020.10.23"]
[SourceQuality "1"]

1. e4 c6 2. d4 d5 3. Nc3 dxe4 4. Nxe4 Bf5 5. Ng3 Bg6 6. h4 h6 7. h5 Bh7 8. Nf3 Nd7 9. Bd3 Bxd3 10. Qxd3 e6 11. Bd2 Ngf6 12. 0-0-0 Be7 13. Kb1 0-0 14. Ne4 Nxe4 15. Qxe4 Nf6 16. Qe2 Qd5 17. c4 Qe4+ 18. Qxe4 Nxe4 19. Be3 Rfd8 20. g4 Rac8 21. Rhg1 c5 22. dxc5 Bxc5 23. Bxc5 Nxc5 24. Ne5 Ne4 25. f3 Nd2+ 26. Kc2 f6 27. Rxd2 fxe5 28. Rxd8+ Rxd8 29. Rd1 Rxd1 30. Kxd1 Kf7 31. Ke2 Ke7 32. Ke3 Kd6 33. Ke4 a5 34. a3 a4 35. c5+ Kxc5 36. Kxe5 Kc4 37. Kxe6 Kb3 38. Kf7 Kxb2 39. Kxg7 Kxa3 40. g5 Kb3 41. gxh6 a3 42. h7 a2 43. h8Q a1Q+ 44. Kg8 Qg1+ 45. Qg7 Qe1 46. Qf7+ Ka4 47. h6 Qg1+ 48. Qg7 Qa7 49. h7 Qb8+ 50. Qf8 Qg3+ 51. Qg7 Qb8+ 52. Kf7 Qc7+ 53. Kg6 Qd6+ 54. Qf6 Qg3+ 55. Kh5 1-0